| 000 | 00481nam a2200169Ia 4500 | ||
|---|---|---|---|
| 003 | OSt | ||
| 005 | 20191223131649.0 | ||
| 008 | 190216s9999||||xx |||||||||||||| ||und|| | ||
| 040 | _coclc | ||
| 082 |
_a336 _bMOH/P |
||
| 100 |
_aMohanadasan, N _9685 |
||
| 245 | 0 |
_aPublic Finance / _cN Mohanadasan |
|
| 260 |
_bCalicut University Central Co-Operative, _c2003. _aCalicut: |
||
| 300 | _a416p | ||
| 650 | _aEconomics | ||
| 942 |
_cBK _2ddc _h336 _iMOH/P _k336 _mMOH/P |
||
| 999 |
_c11503 _d11503 |
||